| 000 | 00347nam a2200133Ia 4500 | ||
|---|---|---|---|
| 008 | 190216s9999||||xx |||||||||||||| ||und|| | ||
| 100 | _aBrenner J L | ||
| 245 | 0 | _aDifferential Equations-Problems In Diffrential Equations | |
| 250 | _a2nd Ed. | ||
| 260 |
_bW H Freeman And Company _c1966 |
||
| 300 | _a172p | ||
| 650 | _aMathematics | ||
| 942 | _cBK | ||
| 999 |
_c30820 _d30820 |
||